| 000 | 00521nam a22001937a 4500 | ||
|---|---|---|---|
| 003 | OSt | ||
| 005 | 20231011104246.0 | ||
| 008 | 231011b |||||||| |||| 00| 0 eng d | ||
| 020 | _a9781789241181 | ||
| 040 | _cDDC. | ||
| 082 | _a577FRE 2020. | ||
| 100 |
_aFreeman,E.Brian. _916736 |
||
| 245 |
_aEcological and Economic Entomology. _bA Global Synthesis. |
||
| 260 |
_auk, _bCADI, _c2020. |
||
| 300 |
_aviii,695p; _bcol,ill; _c25cm. |
||
| 504 | _aReference and index. | ||
| 650 |
_aEntomology. _9977 |
||
| 942 |
_2ddc _cO_SHELF |
||
| 999 |
_c8198 _d8198 |
||